000 00726nam a2200229 a 4500
001 70058
003 BD-RjUL
005 20211209081947.0
008 170415s1967 nyua b 001 0 eng d
035 _a(BD-RjUL) 70270
040 _aDLC
_cWSU
_dBD-RjUL
_beng
041 _aeng
082 _223
_a530.41
_bBRP 1967
100 1 _aBrown, Frederick C.,
_d1924-
_9207487
245 1 4 _aThe physics of solids :
_bionic crystals, lattice vibrations, and imperfections /
_c[by] Frederick C. Brown.
260 _aNew York :
_bW. A. Benjamin,
_c1967.
300 _axiii, 415 p. :
_bill. ;
_c24 cm.
504 _aIncludes bibliographies and index
650 0 _aSolid state physics
_9207488
650 0 _aSolids.
_9207489
942 _2ddc
_cBK
999 _c70058
_d70058